000 00797nam a2200277 i 4500
001 74590
003 ES-MaACL
005 20250815005257.0
007 t|
008 040920s1965 sp ||||1| spa d
080 _a338.92
080 _a308
100 1 _aGoulet, Denis.
_959344
245 1 0 _aÉtica del desarrollo /
_cDenis Goulet ; [traducción del francés por Pedro Darnell].
250 _a1ª ed.
260 _aBarcelona :
_bEstela,
_c1965.
300 _a386 p. ;
_c20 cm.
490 1 _aPensamiento y acción
650 4 _aDesarrollo económico.
_9153584
650 7 _aHistoria social
_2embne
_913428
700 1 _aDarnell, Pedro.
_942741
830 1 _aPensamiento y acción
_9187218
852 4 _aES-MaACL
_jC-27278
852 4 _aES-MaACL
_jC-27860
999 _c74590
_d74590